[Event "Medimurska CupT"]
[Site "Croatia"]
[Date "2019.03.03"]
[Round "4.6"]
[White "Paler, Dragutin"]
[Black "Srnec, Sladjan"]
[Result "0-1"]
[WhiteElo "1562"]
[BlackElo "1861"]
[PlyCount "138"]
[EventDate "2019.02.10"]
[EventType "team-swiss"]
[EventRounds "6"]
[EventCountry "CRO"]
[SourceTitle "EXT 2020"]
[Source "ChessBase"]
[SourceDate "2019.10.17"]
[SourceVersion "1"]
[SourceVersionDate "2019.10.17"]
[SourceQuality "1"]

1. e4 d6 2. f4 g6 3. Nf3 Bg7 4. d4 Nf6 5. Bd3 0-0 6. 0-0 Nbd7 7. h3 c5 8. c3 Ne8 9. Be3 cxd4 10. cxd4 b6 11. Nbd2 Bb7 12. Qe1 Nc7 13. Qh4 e5 14. Qg3 exd4 15. Nxd4 Nc5 16. Bc2 Qe7 17. f5 Ne8 18. fxg6 hxg6 19. Rae1 a5 20. Kh1 Be5 21. Qg4 Ng7 22. Bg5 Qd7 23. Qxd7 Nxd7 24. N2f3 Bg3 25. Rd1 Rfe8 26. Ba4 Nc5 27. Bxe8 Rxe8 28. Bh4 Nxe4 29. Kg1 Ba6 30. Bxg3 Bxf1 31. Kxf1 Nxg3+ 32. Kg1 N3f5 33. Nxf5 Nxf5 34. Rd2 Rd8 35. Kf2 f6 36. g4 Ne7 37. Kg3 Kf7 38. h4 d5 39. Nd4 Rc8 40. Nb5 Rc6 41. Nd4 Rd6 42. Kf4 Rd7 43. Re2 Rc7 44. Nb5 Rc4+ 45. Kf3 Rc6 46. Nd4 Rc7 47. Nb5 Rd7 48. Nd4 Rd6 49. Nb5 Re6 50. Rd2 Re5 51. Kf4 g5+ 52. hxg5 Rxg5 53. Nd4 Re5 54. Nf3 Re4+ 55. Kg3 Kg6 56. Nh4+ Kh6 57. Rh2 Kg7 58. Rd2 b5 59. Kf3 Rc4 60. Kg3 b4 61. Kf3 a4 62. Nf5+ Nxf5 63. gxf5 Rc5 64. Rd4 Rb5 65. Kf4 Kf7 66. Rd3 Rc5 67. Ke3 Ke7 68. Kd4 Kd6 69. Re3 Rc4+ 0-1

[Event "Medimurska CupT"]
[Site "Croatia"]
[Date "2019.02.17"]
[Round "2.2"]
[White "Stankovic, Sasa"]
[Black "Srnec, Sladjan"]
[Result "1/2-1/2"]
[WhiteElo "1918"]
[BlackElo "1861"]
[PlyCount "107"]
[EventDate "2019.02.10"]
[EventType "team-swiss"]
[EventRounds "6"]
[EventCountry "CRO"]
[SourceTitle "EXT 2020"]
[Source "ChessBase"]
[SourceDate "2019.10.17"]
[SourceVersion "1"]
[SourceVersionDate "2019.10.17"]
[SourceQuality "1"]

1. d4 d6 2. e4 g6 3. Nf3 Bg7 4. Nc3 Nf6 5. Bd3 0-0 6. 0-0 Nbd7 7. Bg5 c5 8. d5 a6 9. a4 Rb8 10. Re1 Ne8 11. Qd2 Nc7 12. Bh6 f6 13. b3 b5 14. axb5 axb5 15. Bxg7 Kxg7 16. Ra2 b4 17. Ne2 Ra8 18. Rea1 Rxa2 19. Rxa2 Ne5 20. Nxe5 fxe5 21. Qg5 h6 22. Qe3 Bd7 23. f4 exf4 24. Nxf4 e5 25. Ne2 Rf7 26. Ra7 Qf6 27. Ng3 Bc8 28. Nf1 Ne8 29. Ra8 Bd7 30. Nd2 Qh4 31. Nc4 Bb5 32. Nxe5 dxe5 33. Bxb5 Nf6 34. Bd3 Ng4 35. Qg3 Qg5 36. Ra1 Qf4 37. Qxf4 exf4 38. Ra6 Ne5 39. Re6 Nxd3 40. cxd3 Ra7 41. Rc6 Ra3 42. Rxc5 Rxb3 43. Rc4 Rb1+ 44. Kf2 b3 45. e5 Rd1 46. Rb4 Rxd3 47. Rb7+ Kf8 48. d6 g5 49. g3 h5 50. gxf4 gxf4 51. Rb4 Kf7 52. Rxf4+ Ke6 53. Rb4 Kxe5 54. d7 1/2-1/2

[Event "CRO-chT3B Center North"]
[Site "Croatia"]
[Date "2016.04.17"]
[Round "3.3"]
[White "Srnec, Sladjan"]
[Black "Krainc, Luka"]
[Result "1/2-1/2"]
[WhiteElo "1865"]
[BlackElo "1777"]
[PlyCount "183"]
[EventDate "2016.04.03"]
[EventType "team-tourn"]
[EventRounds "9"]
[EventCountry "CRO"]
[SourceTitle "EXT 2019"]
[Source "ChessBase"]
[SourceDate "2018.10.10"]
[SourceVersion "1"]
[SourceVersionDate "2018.10.10"]
[SourceQuality "1"]

1. f4 d5 2. Nf3 Nf6 3. e3 e6 4. Be2 Bd6 5. 0-0 0-0 6. d4 Nbd7 7. c3 b6 8. Bd3 c5 9. Ne5 Ne4 10. Nd2 f5 11. Rf3 Ndf6 12. Rh3 Bxe5 13. fxe5 Ng4 14. Nxe4 dxe4 15. Bxe4 Nf2 16. Kxf2 fxe4+ 17. Kg1 Ba6 18. Bd2 Rf1+ 19. Qxf1 Bxf1 20. Rxf1 cxd4 21. exd4 Qd5 22. b3 a5 23. Be3 b5 24. Rc1 Rc8 25. Bf2 a4 26. c4 bxc4 27. Rhc3 axb3 28. axb3 Rf8 29. bxc4 Qc6 30. Be3 Rb8 31. h3 Qa4 32. R1c2 Rb3 33. c5 Qa1+ 34. Rc1 Qxc3 35. Rxc3 Rxc3 36. Kf2 Kf7 37. Bd2 Rd3 38. Be3 Ke7 39. Ke2 Kd7 40. Bf2 Kc6 41. Be3 Kd5 42. Bf2 g5 43. Be3 h6 44. Bf2 h5 45. g4 Rxh3 46. gxh5 Rxh5 47. Be3 Rh2+ 48. Kf1 g4 49. Bf2 Kc4 50. Kg1 Rh3 51. Kg2 e3 52. Be1 Kxd4 53. c6 Rh8 54. c7 Ke4 55. Ba5 Kf4 56. Be1 Rc8 57. Ba5 Kxe5 58. Kg3 Kf5 59. Bb6 e5 60. Ba5 e4 61. Bb6 Ke6 62. Kxg4 e2 63. Ba5 e1Q 64. Bxe1 Rxc7 65. Kf4 Kd5 66. Ke3 Rf7 67. Ba5 Rf3+ 68. Ke2 Kc4 69. Bb6 Rb3 70. Ba7 Kd5 71. Bg1 Ke5 72. Be3 Kf5 73. Bh6 Kg4 74. Bc1 Kg3 75. Bh6 Kg2 76. Bf4 Rf3 77. Be5 Ra3 78. Bf4 Kh3 79. Be5 Kg4 80. Bd6 Rb3 81. Bc7 Kf5 82. Bd6 e3 83. Kf3 Rc3 84. Bb8 Ra3 85. Bc7 Rb3 86. Bd6 Rc3 87. Bb8 Ra3 88. Bc7 e2+ 89. Kxe2 Ke4 90. Kd2 Kd4 91. Bb6+ Kc4 92. Kc2 1/2-1/2

[Event "CRO-chT3B Center North"]
[Site "Croatia"]
[Date "2014.04.06"]
[Round "1.2"]
[White "Srnec, Sladjan"]
[Black "Zizek, Sinisa"]
[Result "0-1"]
[WhiteElo "1899"]
[BlackElo "1921"]
[PlyCount "112"]
[EventDate "2014.04.06"]
[EventType "team-tourn"]
[EventRounds "9"]
[EventCountry "CRO"]
[SourceTitle "EXT 2019"]
[Source "ChessBase"]
[SourceDate "2018.10.10"]
[SourceVersion "1"]
[SourceVersionDate "2018.10.10"]
[SourceQuality "1"]

1. e4 e5 2. Nf3 Nf6 3. Nc3 Bb4 4. d3 d6 5. Be3 0-0 6. a3 Ba5 7. Be2 Nc6 8. 0-0 Bg4 9. Bg5 Bxc3 10. bxc3 h6 11. Bh4 Qe7 12. h3 Bh5 13. Nh2 Bxe2 14. Qxe2 Qe6 15. Bxf6 Qxf6 16. Ng4 Qg5 17. Ne3 Nd8 18. Qg4 Qxg4 19. hxg4 Ne6 20. g3 a5 21. Kg2 f6 22. Rab1 b6 23. Rh1 Rf7 24. Rh2 Kf8 25. Nf5 Rd8 26. Ne3 Ke8 27. d4 exd4 28. cxd4 Nxd4 29. Rhh1 Kd7 30. Rhd1 Ne6 31. f3 Re8 32. Nc4 Nc5 33. Kh3 Kc6 34. Rd4 Ne6 35. Rd5 Ng5+ 36. Kg2 Nxe4 37. fxe4 Rxe4 38. Nxd6 cxd6 39. Rdb5 Rb7 40. Kh3 Rc4 41. R1b2 Rc5 42. R5b3 b5 43. Rd3 Re7 44. c3 Re4 45. Rbd2 d5 46. Rf2 Ra4 47. Re2 Re4 48. Rf2 Rcc4 49. Rf5 Re5 50. Rff3 Ra4 51. Rf4 Rxa3 52. Rfd4 a4 53. Rb4 Ra2 54. Rd1 Ree2 55. g5 f5 56. g4 Re3+ 0-1

[Event "Medimurska CupT"]
[Site "Croatia"]
[Date "2014.02.22"]
[Round "3.2"]
[White "Srnec, Sladjan"]
[Black "Vujec, Ivan"]
[Result "0-1"]
[WhiteElo "1917"]
[BlackElo "2161"]
[PlyCount "86"]
[EventDate "2014.02.08"]
[EventType "team-swiss"]
[EventRounds "6"]
[EventCountry "CRO"]
[SourceTitle "EXT 2023"]
[Source "ChessBase"]
[SourceDate "2022.10.05"]
[SourceVersion "1"]
[SourceVersionDate "2022.10.05"]
[SourceQuality "1"]

1. e4 d5 2. exd5 Nf6 3. c4 c6 4. Nc3 cxd5 5. cxd5 Nxd5 6. Bb5+ Bd7 7. Qa4 Nb6 8. Bxd7+ N8xd7 9. Qd1 g6 10. Nf3 Bg7 11. 0-0 0-0 12. d4 Nf6 13. Re1 Nbd5 14. Qb3 b6 15. Bg5 e6 16. Nxd5 Qxd5 17. Bxf6 Qxb3 18. axb3 Bxf6 19. Rac1 Rac8 20. Kf1 Rfd8 21. Rcd1 Rd5 22. Re2 Rcc5 23. dxc5 Rxd1+ 24. Re1 Rxe1+ 25. Nxe1 bxc5 26. Nd3 Bd4 27. Ke2 Kf8 28. f3 Ke7 29. Kd2 Kd6 30. Kc2 a5 31. Nc1 e5 32. Ne2 f5 33. Ng3 Kd5 34. h3 h5 35. Ne2 h4 36. Nc1 e4 37. Ne2 g5 38. Kb1 Ke5 39. Kc2 exf3 40. gxf3 g4 41. fxg4 fxg4 42. hxg4 h3 43. Ng1 Bxg1 0-1

[Event "Medimurska CupT"]
[Site "Croatia"]
[Date "2014.02.08"]
[Round "1.9"]
[White "Paler, Dragutin"]
[Black "Srnec, Sladjan"]
[Result "0-1"]
[WhiteElo "1835"]
[BlackElo "1917"]
[PlyCount "62"]
[EventDate "2014.02.08"]
[EventType "team-swiss"]
[EventRounds "6"]
[EventCountry "CRO"]
[SourceTitle "EXT 2023"]
[Source "ChessBase"]
[SourceDate "2022.10.05"]
[SourceVersion "1"]
[SourceVersionDate "2022.10.05"]
[SourceQuality "1"]

1. e4 d6 2. Nf3 g6 3. d4 Bg7 4. Nc3 Nf6 5. Bd3 0-0 6. h3 Nbd7 7. 0-0 c5 8. Be3 cxd4 9. Bxd4 a6 10. Re1 b5 11. a3 Bb7 12. Qd2 Nc5 13. Qf4 Nxd3 14. cxd3 e5 15. Bxe5 dxe5 16. Nxe5 Qd4 17. Nf3 Qxd3 18. Rad1 Qc4 19. Rd4 Nh5 20. Rxc4 Nxf4 21. Rc7 Rab8 22. Re3 Rfe8 23. g3 Bxc3 24. bxc3 Ne6 25. Rd7 Nc5 26. Rc7 Rbc8 27. Rxc8 Rxc8 28. Nd2 Rd8 29. Re2 Rd3 30. c4 bxc4 31. Nxc4 Nxe4 0-1

[Event "CRO-chT3B Center North"]
[Site "Croatia"]
[Date "2013.10.13"]
[Round "7.4"]
[White "Srnec, Sladjan"]
[Black "Zalig, Christian"]
[Result "1-0"]
[WhiteElo "1945"]
[BlackElo "2025"]
[PlyCount "83"]
[EventDate "2013.04.14"]
[EventType "team-tourn"]
[EventRounds "9"]
[EventCountry "CRO"]
[SourceTitle "EXT 2019"]
[Source "ChessBase"]
[SourceDate "2018.10.10"]
[SourceVersion "1"]
[SourceVersionDate "2018.10.10"]
[SourceQuality "1"]

1. e4 c5 2. c3 d5 3. exd5 Qxd5 4. Nf3 Bg4 5. Be2 Nf6 6. 0-0 e6 7. h3 Bh5 8. d4 Be7 9. Qa4+ Nbd7 10. dxc5 Qxc5 11. b3 Qc8 12. Ba3 Bxa3 13. Qxa3 Qc5 14. Qb2 0-0 15. c4 Ne4 16. b4 Qb6 17. Qd4 Qxd4 18. Nxd4 Bxe2 19. Nxe2 a5 20. f3 Nef6 21. b5 Nb6 22. Rc1 Rac8 23. Na3 Rc5 24. Rc2 Rd8 25. Rac1 Rd3 26. Rc3 Rd2 27. R3c2 Rd3 28. Rc3 Rd2 29. R1c2 Rd1+ 30. Kf2 Na4 31. Re3 Rc8 32. Nc3 Nxc3 33. Rexc3 b6 34. Ke2 Rdd8 35. c5 Nd5 36. c6 Nxc3+ 37. Rxc3 Rd5 38. Ke3 Rc7 39. Rd3 Rxd3+ 40. Kxd3 Kf8 41. Nc4 Ke7 42. Nxb6 1-0

[Event "CRO-chT3B Center North"]
[Site "Croatia"]
[Date "2013.04.14"]
[Round "1.4"]
[White "Turk, Tajana"]
[Black "Srnec, Sladjan"]
[Result "0-1"]
[WhiteElo "1938"]
[BlackElo "1945"]
[PlyCount "108"]
[EventDate "2013.04.14"]
[EventType "team-tourn"]
[EventRounds "9"]
[EventCountry "CRO"]
[SourceTitle "EXT 2019"]
[Source "ChessBase"]
[SourceDate "2018.10.10"]
[SourceVersion "1"]
[SourceVersionDate "2018.10.10"]
[SourceQuality "1"]

1. d4 d6 2. Nf3 g6 3. e3 Bg7 4. Bd3 Nf6 5. 0-0 0-0 6. Nbd2 b6 7. c4 Bb7 8. Qe2 e6 9. Rd1 c5 10. dxc5 bxc5 11. e4 Nc6 12. Nf1 Qc7 13. Ng3 Nd7 14. Bc2 Nde5 15. Nxe5 Bxe5 16. Qd2 Nd4 17. Bd3 Bc6 18. f4 Bg7 19. Rb1 a5 20. b3 Rfb8 21. Ba3 Bd7 22. Kh1 Ra7 23. Rf1 Rab7 24. Bb2 a4 25. Bxd4 Bxd4 26. Bc2 axb3 27. axb3 Ra7 28. Ne2 Bg7 29. f5 exf5 30. exf5 Ra2 31. f6 Bf8 32. Nc3 Qa5 33. Rfd1 Ra3 34. Qe3 Bc6 35. Qg3 Qa8 36. h4 Re8 37. Re1 Rxe1+ 38. Rxe1 Ra1 39. Bb1 Bh6 40. Rg1 Qd8 41. Qf2 Qd7 42. Kh2 Qg4 43. g3 Qd4 44. Qxd4 cxd4 45. Ne2 Be3 46. Rf1 Be4 47. Nc3 dxc3 48. Re1 Bxb1 49. Rxe3 Ra8 50. Rxc3 h5 51. b4 Rc8 52. c5 dxc5 53. bxc5 Rc6 54. Kg1 Be4 0-1

[Event "CRO-chT3B Center North"]
[Site "Croatia"]
[Date "2011.05.14"]
[Round "5.42"]
[White "Srnec, Sladjan"]
[Black "Orak, Tugomir"]
[Result "0-1"]
[WhiteElo "1915"]
[BlackElo "2064"]
[PlyCount "134"]
[EventDate "2011.03.26"]
[EventType "team-tourn"]
[EventRounds "9"]
[EventCountry "CRO"]
[SourceTitle "EXT 2014"]
[Source "ChessBase"]
[SourceDate "2013.11.20"]
[SourceVersion "1"]
[SourceVersionDate "2013.11.20"]
[SourceQuality "1"]

1. e4 e6 2. c4 c5 3. Nc3 Nc6 4. g3 g6 5. Bg2 Bg7 6. Nge2 Nge7 7. 0-0 0-0 8. d3 d6 9. Be3 a6 10. a4 Rb8 11. Qc1 Nd4 12. Bxd4 cxd4 13. Nd1 Nc6 14. f4 Bd7 15. Nf2 Qa5 16. g4 Qc5 17. Ng3 Ne7 18. Qd2 a5 19. h4 f5 20. gxf5 gxf5 21. Nh3 h6 22. Kh2 Bf6 23. exf5 exf5 24. Rg1 Kh8 25. Qe2 Bxh4 26. Bh1 Be8 27. Qe6 Ng8 28. Ne4 Qc7 29. Nxd6 Bf7 30. Nxf7+ Qxf7 31. Qxf7 Rxf7 32. Bd5 Re7 33. Rg6 Kh7 34. Rag1 Nf6 35. Kh1 Ng4 36. Re6 Rxe6 37. Bxe6 Kg6 38. Rb1 Be7 39. Bd5 b6 40. Re1 Ne3 41. Ng1 Bd6 42. Nf3 Bxf4 43. Nxd4 Bg5 44. Ne6 f4 45. Be4+ Kf6 46. Nc7 Ke5 47. Rb1 Be7 48. Nb5 Rg8 49. Bd5 Rg3 50. d4+ Kf6 51. Nc3 Rh3+ 52. Kg1 Bb4 53. Ne4+ Kf5 54. Nf2 Rg3+ 55. Kh2 h5 56. Be4+ Kf6 57. b3 Ng4+ 58. Nxg4+ hxg4 59. Rc1 Re3 60. Bh1 Re2+ 61. Kg1 Bd2 62. Rd1 Be3+ 63. Kf1 f3 64. Rd3 Kf5 65. d5 Ke4 66. Rd1 Rh2 67. Bg2 Rxg2 0-1

[Event "Medimurska CupT"]
[Site "Cakovec"]
[Date "2011.02.13"]
[Round "2"]
[White "Srnec, Sladjan"]
[Black "Maltar, Alberto"]
[Result "0-1"]
[WhiteElo "1915"]
[BlackElo "2151"]
[PlyCount "80"]
[EventDate "2011.02.06"]
[EventType "team-swiss"]
[EventRounds "5"]
[EventCountry "CRO"]
[SourceTitle "EXT 2012"]
[Source "ChessBase"]
[SourceDate "2011.11.24"]
[SourceVersion "1"]
[SourceVersionDate "2011.11.24"]
[SourceQuality "1"]

1. e4 c5 2. c3 Nf6 3. e5 Nd5 4. d4 e6 5. c4 Nb6 6. d5 d6 7. exd6 Bxd6 8. Nc3 0-0 9. Bd3 Re8 10. Nge2 exd5 11. cxd5 Bg4 12. Be3 N8d7 13. h3 Bxe2 14. Qxe2 Nf6 15. 0-0-0 g6 16. Qf3 Nfd7 17. Bb5 a6 18. Bxd7 Nxd7 19. Ne4 Be5 20. Rd2 Qa5 21. Kb1 c4 22. Rc1 Rac8 23. Bd4 b5 24. Bc3 Bxc3 25. Rxc3 Qb6 26. d6 f5 27. Ng5 Qc6 28. Re3 Qxf3 29. Rxe8+ Rxe8 30. Nxf3 h6 31. Nd4 Re1+ 32. Kc2 Kf7 33. Ne2 g5 34. f4 Kf6 35. g3 g4 36. hxg4 fxg4 37. Nc3 Ke6 38. Nd5 Nc5 39. Nb6 Nd3 40. d7 Rc1# 0-1

[Event "CRO-chT3B Center North"]
[Site "Cakovec"]
[Date "2010.10.23"]
[Round "9.42"]
[White "Srnec, Sladjan"]
[Black "Sardi, Darko"]
[Result "1-0"]
[WhiteElo "2004"]
[BlackElo "1897"]
[PlyCount "119"]
[EventDate "2010.03.27"]
[EventType "team-tourn"]
[EventRounds "9"]
[EventCountry "CRO"]
[SourceTitle "EXT 2012"]
[Source "ChessBase"]
[SourceDate "2011.11.24"]
[SourceVersion "1"]
[SourceVersionDate "2011.11.24"]
[SourceQuality "1"]

1. e4 Nf6 2. e5 Nd5 3. c4 Nb6 4. d4 d6 5. exd6 exd6 6. Nf3 Nc6 7. Bg5 Be7 8. Bd2 Bg4 9. Bc3 Bf6 10. Be2 0-0 11. 0-0 Bxf3 12. Bxf3 Nxc4 13. Bxc6 bxc6 14. Qa4 Nb6 15. Qxc6 Qd7 16. Qxd7 Nxd7 17. Nd2 Rfe8 18. Rfe1 d5 19. Nb3 Be7 20. Re2 Bd6 21. Rae1 Nf6 22. f3 Rxe2 23. Rxe2 Kf8 24. g3 Re8 25. Kf2 Rxe2+ 26. Kxe2 Ke8 27. Nc1 Nd7 28. Nd3 f6 29. b3 a6 30. Bb4 Ke7 31. Ke3 Ke6 32. Bxd6 Kxd6 33. h4 g6 34. Kf4 c5 35. dxc5+ Nxc5 36. Ke3 Nxd3 37. Kxd3 Kc5 38. a3 a5 39. g4 d4 40. f4 h6 41. b4+ axb4 42. axb4+ Kd5 43. g5 hxg5 44. hxg5 f5 45. b5 Kc5 46. b6 Kxb6 47. Kxd4 Kc6 48. Ke5 Kc5 49. Kf6 Kd5 50. Kxg6 Ke4 51. Kh6 Kxf4 52. g6 Ke3 53. g7 f4 54. g8Q f3 55. Qe6+ Kf2 56. Kg5 Kf1 57. Qh3+ Ke2 58. Qg4 Ke3 59. Qf4+ Ke2 60. Qe4+ 1-0

[Event "CRO-chT3B Center North"]
[Site "Cakovec"]
[Date "2010.04.10"]
[Round "2.52"]
[White "Srnec, Sladjan"]
[Black "Orak, Tugomir"]
[Result "1-0"]
[WhiteElo "2004"]
[BlackElo "2021"]
[PlyCount "59"]
[EventDate "2010.03.27"]
[EventType "team-tourn"]
[EventRounds "9"]
[EventCountry "CRO"]
[SourceTitle "EXT 2012"]
[Source "ChessBase"]
[SourceDate "2011.11.24"]
[SourceVersion "1"]
[SourceVersionDate "2011.11.24"]
[SourceQuality "1"]

1. e4 Nf6 2. e5 Nd5 3. c4 Nb6 4. d4 d6 5. exd6 Qxd6 6. Nc3 Qd8 7. d5 e6 8. Be3 Be7 9. a4 exd5 10. cxd5 0-0 11. a5 N6d7 12. Bd3 Nf6 13. Nge2 Kh8 14. Bc2 c6 15. Qd3 cxd5 16. Bd4 g6 17. Nxd5 Nc6 18. Bc3 Bf5 19. Qf3 Kg8 20. Nxe7+ Qxe7 21. Bxf5 gxf5 22. Qxf5 Rfe8 23. Qg5+ Kf8 24. Qh6+ Kg8 25. 0-0 Ne5 26. Ng3 Nfg4 27. Qh5 Rac8 28. Rae1 Rc6 29. Nf5 Qf6 30. Qxg4+ 1-0